[Event "Hradec Kralove op"]
[Site "Hradec Kralove"]
[Date "2013.05.19"]
[Round "7"]
[White "Langr, Jiri"]
[Black "Nemcova, Kamila"]
[Result "1-0"]
[WhiteElo "1704"]
[BlackElo "1505"]
[PlyCount "96"]
[EventDate "2013.05.15"]
[EventType "swiss"]
[EventRounds "9"]
[EventCountry "CZE"]
[SourceTitle "EXT 2014"]
[Source "ChessBase"]
[SourceDate "2013.11.20"]
[SourceVersion "1"]
[SourceVersionDate "2013.11.20"]
[SourceQuality "1"]

1. d4 d5 2. c4 c6 3. e3 Nf6 4. a3 e6 5. Nf3 Bd6 6. c5 Bc7 7. b4 0-0 8. Bb2 Nbd7 9. Nbd2 Qe7 10. Be2 e5 11. dxe5 Nxe5 12. 0-0 Bf5 13. Nb3 Bg6 14. Bd4 Nfg4 15. h3 Nxf3+ 16. Bxf3 Ne5 17. Be2 Rfe8 18. a4 b6 19. Rc1 Qd7 20. f4 Nc4 21. Bxc4 dxc4 22. Rxc4 Be4 23. Rc3 Qf5 24. Nd2 Bd5 25. Nf3 Qg6 26. Rf2 f6 27. Qd2 Be6 28. Kh2 Bd5 29. b5 cxb5 30. axb5 Rac8 31. c6 Qb1 32. Qb2 Qe4 33. Qe2 Qe6 34. Qb2 Bc4 35. Qb4 Bd5 36. Rc1 Ra8 37. Ra1 Re7 38. Ra6 Qf7 39. Qa4 Bc4 40. Nd2 Bd5 41. Kg1 Qh5 42. Nf3 Qg6 43. Qa1 Be6 44. Bxb6 Bxb6 45. Rxb6 Bxh3 46. Rb7 Rxe3 47. c7 Rae8 48. Qd1 Rd3 1-0

[Event "Hradec Kralove op"]
[Site "Hradec Kralove"]
[Date "2013.05.15"]
[Round "1"]
[White "Langr, Jiri"]
[Black "Navratil, Jiri1111"]
[Result "1-0"]
[WhiteElo "1704"]
[BlackElo "2025"]
[PlyCount "75"]
[EventDate "2013.05.15"]
[EventType "swiss"]
[EventRounds "9"]
[EventCountry "CZE"]
[SourceTitle "CBM 154 Extra"]
[Source "ChessBase"]
[SourceDate "2013.06.25"]
[SourceVersion "2"]
[SourceVersionDate "2013.06.25"]
[SourceQuality "1"]

1. d4 d5 2. c4 c6 3. e3 Nf6 4. a3 Bf5 5. Nd2 e6 6. Ngf3 Nbd7 7. b4 Bd6 8. Bb2 0-0 9. c5 Bc7 10. Be2 Qe7 11. 0-0 Rfe8 12. h3 e5 13. dxe5 Nxe5 14. Nxe5 Bxe5 15. Bxe5 Qxe5 16. Nf3 Qe4 17. Nd4 Bg6 18. Bf3 Qe5 19. Re1 Ne4 20. Qc1 Ng5 21. Be2 Ne6 22. Nb3 Be4 23. Ra2 Rad8 24. Rd2 d4 25. exd4 Nxd4 26. Nxd4 Rxd4 27. Bf1 Red8 28. Rde2 Qd5 29. f3 f5 30. fxe4 fxe4 31. Re3 Kh8 32. Qc2 Re8 33. Qf2 h6 34. Qf4 Kg8 35. Qc7 Rf8 36. Be2 Rd2 37. Qd6 Qa2 38. Qe5 1-0

[Event "Hradec Kralove op"]
[Site "Hradec Kralove"]
[Date "2012.05.15"]
[Round "4"]
[White "Skaloud, Dusan"]
[Black "Langr, Jiri"]
[Result "0-1"]
[WhiteElo "1956"]
[BlackElo "1651"]
[PlyCount "32"]
[EventDate "2012.05.12"]
[EventType "swiss"]
[EventRounds "9"]
[EventCountry "CZE"]
[SourceTitle "CBM 148 Extra"]
[Source "ChessBase"]
[SourceDate "2012.06.22"]
[SourceVersion "1"]
[SourceVersionDate "2012.06.22"]
[SourceQuality "1"]

1. e4 e5 2. c4 d6 3. Nc3 Nf6 4. g3 Be7 5. Bg2 0-0 6. Nge2 Nbd7 7. d3 b6 8. Bg5 Bb7 9. h4 h6 10. Bd2 Nc5 11. Qc2 a5 12. b3 Ne6 13. Qb2 Nd7 14. Nd5 Ndc5 15. Nxe7+ Qxe7 16. g4 Nxd3+ 0-1

[Event "Hradec Kralove op"]
[Site "Hradec Kralove"]
[Date "2012.05.13"]
[Round "2"]
[White "Kastner, Oldrich"]
[Black "Langr, Jiri"]
[Result "0-1"]
[WhiteElo "2102"]
[BlackElo "1651"]
[PlyCount "82"]
[EventDate "2012.05.12"]
[EventType "swiss"]
[EventRounds "9"]
[EventCountry "CZE"]
[SourceTitle "CBM 148 Extra"]
[Source "ChessBase"]
[SourceDate "2012.06.22"]
[SourceVersion "1"]
[SourceVersionDate "2012.06.22"]
[SourceQuality "1"]

1. Nf3 d5 2. g3 Nf6 3. Bg2 e6 4. 0-0 Be7 5. b3 0-0 6. Bb2 c5 7. e3 Nc6 8. d4 c4 9. bxc4 dxc4 10. Na3 c3 11. Bc1 a6 12. Re1 Qc7 13. Nb1 Bb4 14. Qd3 Ne7 15. e4 Bd7 16. Bf4 Qa5 17. h3 Bb5 18. Qe3 Nh5 19. a3 Nxf4 20. gxf4 Rac8 21. Kh1 Ng6 22. Rg1 Bd6 23. e5 Be7 24. Kh2 Bc6 25. Bf1 Bd5 26. Bd3 Rc7 27. f5 exf5 28. Bxf5 b5 29. Ng5 b4 30. a4 Qb6 31. a5 Qc6 32. Bd3 h6 33. Ne4 Kh8 34. Ng3 Bg5 35. Qe1 Nh4 36. Be2 Re7 37. Nh5 Bf3 38. Kg3 Nf5+ 39. Kh2 Nxd4 40. Bd3 Bxh5 41. Qe4 Qxe4 0-1

[Event "Hradec Kralove Sten op"]
[Site "Hradec Kralove"]
[Date "2011.05.11"]
[Round "4"]
[White "Dmitruk, Volodymyr"]
[Black "Langr, Jiri"]
[Result "1-0"]
[WhiteElo "1797"]
[BlackElo "1650"]
[PlyCount "91"]
[EventDate "2011.05.08"]
[EventType "swiss"]
[EventRounds "9"]
[EventCountry "CZE"]
[SourceTitle "CBM 142 Extra"]
[Source "ChessBase"]
[SourceDate "2011.06.27"]
[SourceVersion "1"]
[SourceVersionDate "2011.06.27"]
[SourceQuality "1"]

1. e4 e5 2. Nf3 Nc6 3. Bb5 a6 4. Ba4 b5 5. Bb3 Nf6 6. d3 h6 7. Nc3 Bb4 8. Bd2 d6 9. 0-0 Na5 10. a3 Nxb3 11. cxb3 Bc5 12. b4 Bb6 13. h3 c6 14. Rc1 Bd7 15. Qe2 0-0 16. Be3 a5 17. bxa5 Bxe3 18. Qxe3 Rxa5 19. Rfd1 Qb8 20. d4 b4 21. axb4 Qxb4 22. dxe5 dxe5 23. Rd2 Be6 24. g4 Nh7 25. Kg2 g5 26. Kg3 Nf6 27. Ne1 Bc4 28. Qf3 Kg7 29. Nd3 Bxd3 30. Qxd3 Raa8 31. Qe2 Rfd8 32. Rcd1 Rxd2 33. Rxd2 Rb8 34. f3 Ra8 35. Nd1 Ra1 36. Ne3 Kg6 37. Kg2 h5 38. Nc2 Qxb2 39. Nxa1 Qxa1 40. Rc2 hxg4 41. hxg4 Nd7 42. Rxc6+ f6 43. Qd2 Nb8 44. Rb6 Na6 45. Qd6 Qa2+ 46. Kg3 1-0

[Event "Hradec Kralove Sten op"]
[Site "Hradec Kralove"]
[Date "2011.05.10"]
[Round "3"]
[White "Langr, Jiri"]
[Black "Pulpan, Jakub"]
[Result "0-1"]
[WhiteElo "1650"]
[BlackElo "1959"]
[PlyCount "88"]
[EventDate "2011.05.08"]
[EventType "swiss"]
[EventRounds "9"]
[EventCountry "CZE"]
[SourceTitle "CBM 142 Extra"]
[Source "ChessBase"]
[SourceDate "2011.06.27"]
[SourceVersion "1"]
[SourceVersionDate "2011.06.27"]
[SourceQuality "1"]

1. d4 Nf6 2. c4 e6 3. Nf3 d5 4. e3 Be7 5. Nc3 c6 6. a3 0-0 7. Bd3 dxc4 8. Bxc4 b5 9. Bd3 a6 10. 0-0 Bb7 11. Ne4 Nbd7 12. b4 Nxe4 13. Bxe4 Nf6 14. Bd3 a5 15. bxa5 Rxa5 16. Bb2 Qa8 17. Qb3 c5 18. dxc5 Bxf3 19. gxf3 Qxf3 20. Qd1 Qh3 21. Be5 Ng4 22. Bg3 Bh4 23. Qf3 Nxh2 24. Qg2 Qxg2+ 25. Kxg2 Bxg3 26. Rh1 Bc7 27. f4 Ng4 28. Bxh7+ Kh8 29. Bf5+ Nh6 30. Be4 f5 31. Bf3 e5 32. fxe5 Bxe5 33. Ra2 b4 34. c6 Rxa3 35. Rc2 Rc3 36. Ra2 Rxe3 37. Ra7 b3 38. Rb7 b2 39. c7 Rc3 40. Rb8 Rxb8 41. cxb8Q+ Bxb8 42. Rd1 Rc2+ 43. Be2 Rxe2+ 44. Kf1 Rd2 0-1

[Event "Hradec Kralove op"]
[Site "Hradec Kralove"]
[Date "2010.05.16"]
[Round "2"]
[White "Samek, Jiri"]
[Black "Langr, Jiri"]
[Result "1-0"]
[WhiteElo "1851"]
[BlackElo "1615"]
[PlyCount "59"]
[EventDate "2010.05.15"]
[EventType "swiss"]
[EventRounds "9"]
[EventCountry "CZE"]
[SourceTitle "CBM 136 Extra"]
[Source "ChessBase"]
[SourceDate "2010.07.02"]
[SourceVersion "2"]
[SourceVersionDate "2010.07.15"]
[SourceQuality "1"]

1. Nf3 d5 2. d4 e6 3. c4 dxc4 4. Nc3 c6 5. e3 b5 6. a4 Bb4 7. axb5 cxb5 8. Ne5 Nf6 9. Bd2 Bxc3 10. Bxc3 Bb7 11. Bb4 a5 12. Bc5 Nbd7 13. Nxd7 Nxd7 14. Bd6 Ra6 15. Bf4 0-0 16. Be2 a4 17. 0-0 Qa8 18. f3 Re8 19. Kf2 e5 20. dxe5 Nxe5 21. Qd4 Ng6 22. Rfd1 Nxf4 23. Qxf4 Rae6 24. Rd7 Rf6 25. Qc7 Bc6 26. Re7 Qd8 27. Rxe8+ Qxe8 28. Rd1 Qe6 29. Qxc6 Qe7 30. Qa8+ 1-0